00957nam a22002177a 4500003000200000005001700002008004100019050003000060100002700090245006100117260009000178300003500268504004100303650008000344650006400424650003100488650002500519942001400544999001900558952016200577020250129101122.0150827b xxu||||| |||| 00| 0 eng d aPGS SF 422.86b.B467 2015 aBenito, Omar Paolo L.  aDog ownership and social skills /cOmar Paolo L. Benito. aLas Piñas City, Philippines :bSouthville International School and Colleges,c2015. a27 p. :bill. ;c28 cm. fPASS aIncludes bibliographical references. 2Library of Congress Subject HeadingsaPet ownershipvPsychological aspects. 2Library of Congress Subject HeadingsaDogsvSocial aspects. aSocial skills in children. aGrade 6 (Education). 2lcccPASS c288530d288530 00102lcc4071aLUXbLUXcPASSd2015-08-27eDONATIONl0oPGS SF 422.86 .B467 2015pP3397r2019-11-28 00:00:00w2015-08-27yPASSzBe Amazing, Be Southville!